| 000 | 00735nam a22002057a 4500 | ||
|---|---|---|---|
| 003 | OSt | ||
| 005 | 20251103054843.0 | ||
| 008 | 251103b |||||||| |||| 00| 0 eng d | ||
| 020 | _a1-56549-162-9. | ||
| 040 |
_aDWCL-Main lib _cOC |
||
| 082 | _aCirc. 616.97 H753p 2003 | ||
| 100 | _aHolmes, Wendy | ||
| 245 |
_aProtecting the future : _bHIV prevention, care, and support among displaced and war-affected populations _cHolmes, Wendy |
||
| 260 |
_aUSA : _bKumarian Press, Inc., _cc2003. |
||
| 300 |
_ax, 228 pages : _billustration ; _c28 cm. |
||
| 504 | _aIncludes bibliographical references and index. | ||
| 650 | _21. AIDS (Disease)-Patients-Services for. | ||
| 650 | _22. AIDS (Disease)-Prevention. | ||
| 942 |
_2ddc _cBK-CIRC _kCirc. _n0 |
||
| 999 |
_c5405 _d5405 |
||